| 000 | 00565nam a2200193 i 4500 | ||
|---|---|---|---|
| 001 | 126953 | ||
| 003 | ES-MaACL | ||
| 005 | 20250903024955.0 | ||
| 007 | t| | ||
| 008 | 070214s1922 sp r ||||1| spa d | ||
| 100 | 1 |
_aRey Pastor, Julio, _d1888-1962 _996535 |
|
| 245 | 1 | 0 |
_aElementos de análisis algebráico / _cpor Julio Rey Pastor. |
| 250 | _a2ª. ed. corr. | ||
| 260 |
_aMadrid : _b[s.n.], _c1922. |
||
| 300 |
_a496 p. : _bil. ; _c24 cm. |
||
| 650 | 0 | 7 |
_aAnálisis matemático _2embne _99772 |
| 852 |
_aES-MaACL _jB-4392 |
||
| 999 |
_c126953 _d126953 |
||